00585cam a22002053a 450000100060000000300060000600500170001200800410002904000150007004200070008510000320009224500640012426000290018850600300021751600200024770000200026770000210028783000290030885600420033744537PGUSA20140828084022.0131229s2013||||xxu|||||s|||||000 | eng d aPGUSAbeng adc1 aRolland, Romain,d1866-194410aDas Leben Tolstoish[electronic resource] /cRomain Rolland bProject Gutenberg,c2013 aPublic domain in the USA. aElectronic text1 aHerzog, Wilhelm1 aSylvester, O. R. 0aProject Gutenbergv4453740uhttp://www.gutenberg.org/ebooks/44537